Determinants of Oils and Fat Consumption Across European Countries

Identifikácia kladnej alebo zápornej korelácie medzi spotrebou olejov a tukov a vybranými faktormi v jednotlivých krajinách Európskej únie (EU). Z dôvodu rôzne dlhých časových radov sledovaných faktorov, korelačné koeficienty boli počítané z rôzne dlhých časových radov.

Guardado en:
Detalles Bibliográficos
Autor principal: Grisáková, Nora, 1978-
Otros Autores: Štetka, Peter, 1986-
Formato: Capítulo de libro
Lenguaje:eslovaco
Materias:
Etiquetas: Agregar Etiqueta
Sin Etiquetas, Sea el primero en etiquetar este registro!

MARC

LEADER 00000naa$a2200000$$$4500
001 0250002
005 20240502074013.3
041 0 |a slo 
044 |a SK 
245 1 0 |a Determinants of Oils and Fat Consumption Across European Countries  |c Nora Grisáková, Peter Štetka 
520 |a Identifikácia kladnej alebo zápornej korelácie medzi spotrebou olejov a tukov a vybranými faktormi v jednotlivých krajinách Európskej únie (EU). Z dôvodu rôzne dlhých časových radov sledovaných faktorov, korelačné koeficienty boli počítané z rôzne dlhých časových radov. 
610 2 0 |a Európska únia 
610 2 0 |a potraviny 
610 2 0 |a oleje rastlinné 
610 2 0 |a tuky 
610 2 0 |a spotreba 
100 1 |a Grisáková, Nora, 1978- 
700 1 |a Štetka, Peter, 1986-